Normal view
MARC view
- COMPOSITE MATERIALS, MECHANICAL PROPERTIES, FIBROUS COMPOSITE MECHANICAL PROPERTIES
Entry Topical Term
001 - CONTROL NUMBER
- control field: 59920
003 - CONTROL NUMBER IDENTIFIER
- control field: NUST
005 - DATE AND TIME OF LATEST TRANSACTION
- control field: 20210628202436.0
008 - FIXED-LENGTH DATA ELEMENTS
- fixed length control field: 210628|| aca||aabn | a|a d
040 ## - CATALOGING SOURCE
- Original cataloging agency: NUST
- Transcribing agency: NUST
150 ## - HEADING--TOPICAL TERM
- Topical term or geographic name entry element: COMPOSITE MATERIALS, MECHANICAL PROPERTIES, FIBROUS COMPOSITE MECHANICAL PROPERTIES
670 ## - SOURCE DATA FOUND
- Source citation: Work cat.: (NUST): Vasiliev, Valery .V Morozov, Evgeny .V 59919, Mechanics and analysis of composite materials, 2000
